00848nam a2200229Ia 4500008004100000020001700041040001400058082002200072100001900094245003600113260003600149300001300185365002800198366000800226505002000234620012600254630003600380730003600416942000900452999001900461952013800480100315s9999 xx 000 0 und d a8171942504  cENGLISH  b4026 a336.294  a"Datey, V.S. " aIndirect Taxes : Law & Practice aNew Delhi bTaxmann  c2001  a804p.   eRupees d1 b260.00  f0  gTushar Jadhav  a"Background of Indirect Law, Liability of Central Excise Duty, Classification of goods, Valuation Under Central Excise " aIndirect Taxes : Law & Practice aIndirect Taxes : Law & Practice cBOOK c478761d478758 00104070aVPMBRIMSbVPMBRIMSd2006-01-25g260.00l0o336.294 /DAT  4026 pVPMBRIMS-4026 r2010-03-19 00:00:00w2010-03-19yBOOK